header

The design of low noise oscillators (Record no. 49139)

MARC details
000 -LEADER
fixed length control field 01363nam a22003494a 4500
082 04 - DEWEY DECIMAL CLASSIFICATION NUMBER
Classification number 621.3815/33
100 1# - MAIN ENTRY--AUTHOR NAME
Personal name Hajimiri, Ali.
245 14 - TITLE STATEMENT
Title The design of low noise oscillators
260 ## - PUBLICATION, DISTRIBUTION, ETC. (IMPRINT)
Place of publication Boston :
Name of publisher Kluwer Academic Publishers,
Year of publication c1999.
300 ## - PHYSICAL DESCRIPTION
Number of Pages xii, 208 p. :
Other physical details ill.
650 #0 - SUBJECT ADDED ENTRY--TOPICAL TERM
Topical Term Oscillators, Electric
Topical Term Electronic circuits
Topical Term Electronic noise.
Topical Term Radio frequency oscillators.
700 1# - ADDED ENTRY--PERSONAL NAME
Personal name Lee, Thomas H.,
856 40 - ELECTRONIC LOCATION AND ACCESS
Uniform Resource Identifier http://site.ebrary.com/lib/rucke/Doc?id=10067397

No items available.

© 2026 Rongo University
Contact us: librarian | system librarian | Rongo university